[Event "FICGS rapid D 000014 email"]
[Site "FICGS email"]
[Date "2008.10.11"]
[Round "1"]
[White "Oliveira, Carlos"]
[Black "Nebout, Louis"]
[Result "1-0"]
[WhiteElo "1414"]
[BlackElo "1479"]
[PlyCount "35"]
[EventDate "2008.??.??"]
[EventType "tourn (rapid)"]
[EventRounds "5"]
[SourceTitle "Corr 2022"]
[Source "ChessBase"]
[SourceDate "2021.10.24"]
[SourceVersion "1"]
[SourceVersionDate "2021.10.24"]
[SourceQuality "1"]

1. e4 c5 2. d4 cxd4 3. c3 dxc3 4. Nxc3 Nc6 5. Nf3 d6 6. Bc4 e6 7. 0-0 Nf6 8. Qe2 Be7 9. Rd1 e5 10. h3 0-0 11. Be3 a6 12. Rac1 Be6 13. Bxe6 fxe6 14. Qc4 Qc8 15. Ng5 Nd8 16. Qb3 h6 17. Nd5 Qb8 18. Nxe7+ 1-0

[Event "FICGS class D 000105 email"]
[Site "FICGS email"]
[Date "2008.10.01"]
[Round "1"]
[White "Nebout, Louis"]
[Black "Ali, Mohammad Wasif"]
[Result "1-0"]
[WhiteElo "1479"]
[BlackElo "1400"]
[PlyCount "39"]
[EventDate "2008.??.??"]
[EventType "tourn (corr)"]
[EventRounds "6"]
[SourceTitle "Corr 2022"]
[Source "ChessBase"]
[SourceDate "2021.10.24"]
[SourceVersion "1"]
[SourceVersionDate "2021.10.24"]
[SourceQuality "1"]

1. e4 d5 2. exd5 Qxd5 3. Nc3 Qd6 4. d4 Nf6 5. Nf3 c6 6. h3 Bf5 7. g4 Bg6 8. Bd3 Na6 9. Bxa6 bxa6 10. Be3 Rb8 11. Qe2 h5 12. g5 Nd5 13. Qxa6 Nb4 14. Qxa7 Nxc2+ 15. Ke2 Nxa1 16. Rxa1 Rxb2+ 17. Ke1 e6 18. Ne5 Be7 19. Nc4 Qb8 20. d5 1-0

[Event "FICGS class D 000105 email"]
[Site "FICGS email"]
[Date "2008.10.01"]
[Round "1"]
[White "Wagschal, Jean Philippe"]
[Black "Nebout, Louis"]
[Result "0-1"]
[WhiteElo "1500"]
[BlackElo "1479"]
[PlyCount "104"]
[EventDate "2008.??.??"]
[EventType "tourn (corr)"]
[EventRounds "6"]
[SourceTitle "Corr 2022"]
[Source "ChessBase"]
[SourceDate "2021.10.24"]
[SourceVersion "1"]
[SourceVersionDate "2021.10.24"]
[SourceQuality "1"]

1. e4 c5 2. Nf3 d6 3. d4 cxd4 4. Nxd4 Nf6 5. Nc3 a6 6. Bc4 e6 7. Bb3 Nbd7 8. f4 Nc5 9. Qf3 b5 10. e5 Bb7 11. Qe2 Nfd7 12. Nxe6 Nxe6 13. Bxe6 fxe6 14. Qh5+ g6 15. Qg4 Qe7 16. exd6 Qxd6 17. 0-0 0-0-0 18. Be3 Nf6 19. Qe2 Qc6 20. Rad1 Bc5 21. Bxc5 Qxc5+ 22. Kh1 Qc6 23. Rxd8+ Rxd8 24. Re1 b4 25. Nd1 Qe4 26. Qxe4 Bxe4 27. Ne3 Rd2 28. h3 Nd5 29. Nc4 Bxg2+ 30. Kg1 Rxc2 31. b3 Nxf4 32. h4 Bf3 33. Re3 Nh3+ 34. Kf1 Rc1+ 35. Re1 Rxe1+ 36. Kxe1 Nf4 37. Kf2 Bd5 38. Nb6+ Kc7 39. Na4 Kd6 40. Kg3 Nd3 41. Nb6 Nc1 42. Kf4 h6 43. Nc8+ Kc5 44. Ne7 g5+ 45. hxg5 hxg5+ 46. Kxg5 Nxa2 47. Ng6 Bxb3 48. Ne5 Bd5 49. Nd3+ Kd4 50. Nb2 Nc3 51. Kh4 a5 52. Kg3 a4 0-1

[Event "FICGS rapid D 000005 email"]
[Site "FICGS email"]
[Date "2008.05.26"]
[Round "1"]
[White "Agustin, Santos"]
[Black "Nebout, Louis"]
[Result "1-0"]
[WhiteElo "1338"]
[BlackElo "1494"]
[PlyCount "65"]
[EventDate "2008.??.??"]
[EventType "tourn (rapid)"]
[EventRounds "5"]
[SourceTitle "Corr 2022"]
[Source "ChessBase"]
[SourceDate "2021.10.24"]
[SourceVersion "1"]
[SourceVersionDate "2021.10.24"]
[SourceQuality "1"]

1. d4 d5 2. Nf3 Nf6 3. e3 g6 4. c4 Bg7 5. Nc3 c6 6. Bd3 0-0 7. 0-0 Bg4 8. h3 Bxf3 9. Qxf3 e6 10. b3 Nbd7 11. Bb2 Re8 12. Rfd1 e5 13. cxd5 cxd5 14. Be2 e4 15. Qg3 Nb6 16. Rdc1 a6 17. h4 Re6 18. a4 Qd6 19. Qxd6 Rxd6 20. a5 Nbd7 21. g4 h6 22. g5 hxg5 23. hxg5 Nh7 24. Ba3 Re6 25. Nxd5 Rb8 26. Rc7 Ndf8 27. Ne7+ Kh8 28. Kg2 Nxg5 29. Rh1+ Nfh7 30. Bc4 Rf6 31. Bd5 b6 32. Nc6 bxa5 33. Nxb8 1-0

[Event "FICGS rapid D 000005 email"]
[Site "FICGS email"]
[Date "2008.05.26"]
[Round "1"]
[White "Nebout, Louis"]
[Black "Bester, Kazimierz"]
[Result "1-0"]
[WhiteElo "1494"]
[BlackElo "1400"]
[PlyCount "73"]
[EventDate "2008.??.??"]
[EventType "tourn (rapid)"]
[EventRounds "5"]
[SourceTitle "Corr 2022"]
[Source "ChessBase"]
[SourceDate "2021.10.24"]
[SourceVersion "1"]
[SourceVersionDate "2021.10.24"]
[SourceQuality "1"]

1. e4 e6 2. d4 c6 3. Nf3 Be7 4. c4 d6 5. Nc3 Nd7 6. Bd3 Ngf6 7. 0-0 0-0 8. Re1 Qc7 9. Qc2 a6 10. e5 dxe5 11. Nxe5 g6 12. h4 Bb4 13. Bg5 b5 14. b3 Ra7 15. a3 Be7 16. h5 Bd6 17. hxg6 fxg6 18. Nxd7 Qxd7 19. Bh6 Bc7 20. Bxf8 Kxf8 21. Rad1 Qd6 22. g3 Kg7 23. Ne4 Nxe4 24. Bxe4 Bb7 25. c5 Qe7 26. Qe2 Qg5 27. Bg2 a5 28. Qxe6 Bxg3 29. fxg3 Qxg3 30. Qe5+ Qxe5 31. dxe5 b4 32. a4 Kf7 33. e6+ Ke8 34. e7 Ba6 35. Rd8+ Kf7 36. e8Q+ Kg7 37. Qf8# 1-0

[Event "FICGS class D 000068 email"]
[Site "FICGS email"]
[Date "2007.11.12"]
[Round "1"]
[White "Nebout, Louis"]
[Black "Dsouza, Stanislaus"]
[Result "0-1"]
[WhiteElo "1581"]
[BlackElo "1600"]
[PlyCount "34"]
[EventDate "2007.??.??"]
[EventType "tourn (corr)"]
[EventRounds "6"]
[SourceTitle "Corr 2022"]
[Source "ChessBase"]
[SourceDate "2021.10.24"]
[SourceVersion "1"]
[SourceVersionDate "2021.10.24"]
[SourceQuality "1"]

1. e4 a6 2. d4 b5 3. Nf3 Bb7 4. Bd3 e6 5. 0-0 Nf6 6. Re1 c5 7. dxc5 Be7 8. b4 d6 9. cxd6 Bf8 10. e5 Nd5 11. a3 Nd7 12. Bb2 g6 13. Nc3 Nf4 14. Be4 Qb6 15. Bxb7 Qxb7 16. Qd2 Bh6 17. Qd1 0-0 0-1